书目信息 |
| 题名: |
易蕴发蒙
|
|
| 作者: | 李春满, 著 | |
| 分册: | ||
| 出版信息: | 北京 线装书局 2019.12 |
|
| 页数: | 505页 | |
| 开本: | 25cm | |
| 丛书名: | ||
| 单 册: | ||
| 中图分类: | B221.2 | |
| 科图分类: | ||
| 主题词: | ||
| 电子资源: | ||
| ISBN: | 978-7-5120-3661-1 | |
| 000 | 00963nam0 2200241 450 | |
| 001 | CAL 0120217126498 | |
| 005 | 20230217093111.0 | |
| 010 | @a978-7-5120-3661-1@b精装@dCNY128.00 | |
| 100 | @a20210314d2019 em y0chiy0120 ea | |
| 101 | 0 | @achi |
| 102 | @aCN@b110000 | |
| 105 | @ay z 000yy | |
| 106 | @ar | |
| 200 | 1 | @a易蕴发蒙@Ayi yun fa meng@f李春满著 |
| 210 | @a北京@c线装书局@d2019.12 | |
| 215 | @a505页@d25cm | |
| 314 | @a李春满, 历任国家经委调研室一处副处长、国家国有资产局综合处长等职。 | |
| 330 | @a本书分三编: 《易之理》不涉经义, 惟拣选八类易学基本理论知识略作论说, 是易学入门的理论准备 ; 《易之义》以诠释《易经》文本经义为主旨, 其体例为“义疏体”, 以致敬历代先贤 ; 《易之疏》专为孔门《易传》作注释疏证, 因《易传》本为《易经》作注, 取“经注兼释”之义, 故名“易之疏”。 | |
| 605 | @a周易@Azhou yi@x注释 | |
| 690 | @aB221.2@v5 | |
| 701 | 0 | @a李春满,@Ali chun man@f1950-@4著 |
| 801 | 0 | @aCN@bBJXHZP@c20230228 |
| 905 | @b1404456-9@dB221.2@e1062@f4 | |
| 易蕴发蒙/李春满著.-北京:线装书局,2019.12 |
| 505页;25cm |
| ISBN 978-7-5120-3661-1(精装):CNY128.00 |
| 本书分三编: 《易之理》不涉经义, 惟拣选八类易学基本理论知识略作论说, 是易学入门的理论准备 ; 《易之义》以诠释《易经》文本经义为主旨, 其体例为“义疏体”, 以致敬历代先贤 ; 《易之疏》专为孔门《易传》作注释疏证, 因《易传》本为《易经》作注, 取“经注兼释”之义, 故名“易之疏”。 |
| ● |
| 相关链接 |
|
|
|
|
正题名:易蕴发蒙
索取号:B221.2/1062
 
预约/预借
| 序号 | 登录号 | 条形码 | 馆藏地/架位号 | 状态 | 备注 |
| 1 | 1404456 | 214044568 | 第一样本阅览室/ [索取号:B221.2/1062] | 在馆 | |
| 2 | 1404457 | 214044577 | 第一借阅区/ [索取号:B221.2/1062] | 在馆 | |
| 3 | 1404458 | 214044586 | 第一借阅区/ [索取号:B221.2/1062] | 在馆 | |
| 4 | 1404459 | 214044595 | 第一借阅区/ [索取号:B221.2/1062] | 在馆 |